| 000 | 00728nam a22002297a 4500 | ||
|---|---|---|---|
| 003 | DO-SdBNP | ||
| 005 | 20240610133252.0 | ||
| 008 | 171121b2002 sp |||| 00| 0 spa d | ||
| 040 |
_aBPMSU _bspa _cBPMSU |
||
| 082 |
_a291.4 _bD611v 2022 _222 |
||
| 245 | 1 | 0 |
_a¡Disfrute de la vida para siempre! : _b Curso interactivo de la Biblia / _c |
| 260 |
_aNew York : _bSociety of Pennsylvania, _c2022 |
||
| 300 |
_a249 p. ; _c23 cm. |
||
| 534 |
_aTítulo original : _tLa dottrina spirituale. |
||
| 590 | _aInventariado, 2025/VM | ||
| 650 | 4 | _aEspiritualidad. | |
| 650 | 4 | _aVida espiritual. | |
| 650 | 4 | _aVida cristiana. | |
| 650 | 4 | _aInterpretación de la biblia. | |
| 910 | _aVMateo V. Control de calidad. BPMSU | ||
| 942 |
_2ddc _cBK |
||
| 999 |
_c14657 _d14657 |
||